The art market - post 9/11 (Record no. 71526)
[ view plain ]
| 000 -LEADER | |
|---|---|
| fixed length control field | 01089cam a2200253 4500 |
| 001 - CONTROL NUMBER | |
| control field | ABS65998 |
| 008 - FIXED-LENGTH DATA ELEMENTS--GENERAL INFORMATION | |
| fixed length control field | 021105n2002 000 0 eng u |
| 035 ## - SYSTEM CONTROL NUMBER | |
| System control number | (Sirsi) u120374 |
| 100 ## - MAIN ENTRY--PERSONAL NAME | |
| Personal name | Ambrose, J |
| 245 #4 - TITLE STATEMENT | |
| Title | The art market - post 9/11 |
| 260 ## - PUBLICATION, DISTRIBUTION, ETC. | |
| Date of publication, distribution, etc. | 2002 |
| 490 ## - SERIES STATEMENT | |
| Series statement | The Arts Surveyor |
| Volume/sequential designation | October 2002, 10-11(2) |
| 520 ## - SUMMARY, ETC. | |
| Summary, etc. | Considers the effects of the September 11 terrorist attacks on the art market. Suggests that the art market does not always feel the impact of stock market slumps and highlights that auction sale room prices were already falling with a 8% drop between October 2000 and April 2001. Charts the growth of the art market during the 1990s, pointing to high and low points, and provides mixed opinions from auction houses on the market since the terrorist attacks. Artprice at www.artprice.com |
| 590 ## - LOCAL NOTE (RLIN) | |
| Local note | ABS |
| 650 ## - SUBJECT ADDED ENTRY--TOPICAL TERM | |
| Topical term or geographic name entry element | ART MARKET |
| 650 ## - SUBJECT ADDED ENTRY--TOPICAL TERM | |
| Topical term or geographic name entry element | TERRORISM |
| 650 ## - SUBJECT ADDED ENTRY--TOPICAL TERM | |
| Topical term or geographic name entry element | FINE ART |
| 650 ## - SUBJECT ADDED ENTRY--TOPICAL TERM | |
| Topical term or geographic name entry element | AUCTION HOUSES |
| 650 ## - SUBJECT ADDED ENTRY--TOPICAL TERM | |
| Topical term or geographic name entry element | SALE PRICES |
| 650 ## - SUBJECT ADDED ENTRY--TOPICAL TERM | |
| Topical term or geographic name entry element | STOCK MARKET |
| 690 ## - LOCAL SUBJECT ADDED ENTRY--TOPICAL TERM (OCLC, RLIN) | |
| Topical term or geographic name as entry element | Arts and antiques |
| 9 (RLIN) | 6217 |
| 700 ## - ADDED ENTRY--PERSONAL NAME | |
| Personal name | Khatri, M |
| 942 ## - ADDED ENTRY ELEMENTS (KOHA) | |
| Suppress in OPAC | 0 |
| Withdrawn status | Lost status | Source of classification or shelving scheme | Damaged status | Not for loan | Home library | Current library | Shelving location | Date acquired | Total Checkouts | Full call number | Barcode | Date last seen | Copy number | Price effective from | Koha item type |
|---|---|---|---|---|---|---|---|---|---|---|---|---|---|---|---|
| Dewey Decimal Classification | London | London | Journal article | 05/11/2002 | ABS65998 | 120374-1001 | 06/08/2019 | 1 | 06/08/2019 | Journal article |